000 00519nam a2200217Ia 4500
003 OSt
005 20230607090355.0
008 210423s2009 xx 000 0 und d
020 _a9788131602928
040 _cAL
041 _aeng
082 _a158.3 MCLC
100 _aMCLEOD (John)
_9120896
245 _aCounselling skill
260 _aJaipur
_bRawat Publications
_c2009
300 _aix,281
_bHB
365 _b850
_cINR
650 _aCounseling
_9120897
906 _aCounselling ; skill
942 _2ddc
_cBK
999 _c176071
_d176071